| 000 | 01313nam a2200349Ia 4500 | ||
|---|---|---|---|
| 001 | ebr10161317 | ||
| 003 | CaPaEBR | ||
| 006 | m u | ||
| 007 | cr cn||||||||| | ||
| 008 | 040806s2006 enk sb 001 0 eng d | ||
| 020 | _z9780335217175 | ||
| 020 | _z9780335224470 | ||
| 020 | _z9780335217182 (hbk.) | ||
| 020 | _z0335217184 (hbk.) | ||
| 020 | _z0335217176 (pbk.) | ||
| 020 | _z9780335217175 (pbk.) | ||
| 040 |
_aCaPaEBR _cCaPaEBR |
||
| 035 | _a(OCoLC)560427875 | ||
| 050 | 1 | 4 |
_aLB2806 _b.B8685 2006eb |
| 082 | 0 | 4 |
_a371.2011 _222 |
| 100 | 1 | _aBusher, Hugh. | |
| 245 | 1 | 0 |
_aUnderstanding educational leadership _h[electronic resource] : _bpeople, power and culture / _cHugh Busher. |
| 260 |
_aMaidenhead : _bOpen University Press, _c2006. |
||
| 300 | _avii, 189 p. | ||
| 504 | _aIncludes bibliographical references and index. | ||
| 533 |
_aElectronic reproduction. _bPalo Alto, Calif. : _cebrary, _d2009. _nAvailable via World Wide Web. _nAccess may be limited to ebrary affiliated libraries. |
||
| 650 | 0 | _aEducational leadership. | |
| 650 | 0 | _aSchool management and organization. | |
| 655 | 7 |
_aElectronic books. _2local |
|
| 710 | 2 | _aebrary, Inc. | |
| 856 | 4 | 0 |
_uhttp://site.ebrary.com/lib/rucke/Doc?id=10161317 _zAn electronic book accessible through the World Wide Web; click to view |
| 999 |
_c132580 _d132580 |
||